Satyarth Prakash Ka Lafzi Sales Aur Ba Muhawira Urdu Tarjuma (Record no. 8657)

MARC details
000 -LEADER
fixed length control field 00610nam a2200241 a 4500
020 ## - INTERNATIONAL STANDARD BOOK NUMBER
ISBN
082 00 - DEWEY DECIMAL CLASSIFICATION NUMBER
Classification number 294.5921
Author Cutter CHU
100 ## - MAIN ENTRY--AUTHOR NAME
Author name Chummupati,
245 ## - TITLE STATEMENT
Title Satyarth Prakash Ka Lafzi Sales Aur Ba Muhawira Urdu Tarjuma
260 ## - PUBLICATION, DISTRIBUTION, ETC. (IMPRINT)
Place of publication Punjab
Name of publisher Shri Jagdev Shastri Sudhanti
Year of publication 1961
300 ## - PHYSICAL DESCRIPTION
Number of Pages 566p
500 ## - GENERAL NOTE
General note includes index and biblioraphy
505 2# - FORMATTED CONTENTS NOTE
Formatted contents note Bibliography
650 ## - SUBJECT ADDED ENTRY--TOPICAL TERM
Topical Term Vedas
942 ## - ADDED ENTRY ELEMENTS (KOHA)
Koha item type Books
700 1# -
-- Chummupati,
Holdings
Collection code Home library Current library Date acquired Cost, normal purchase price Full call number Accession Number Koha item type
  Henry Martyn Institute Library Henry Martyn Institute Library 07/25/2007 100.00 294.5921 CHU 010064 Books
                   Copyright © 2026 | Henry Martyn Institute | Hyderabad | TS-500052 | INDIA | Implemented by hmi.edu.in
Hit-Count:

Powered by Koha